00374nam a22000977a 4500082001800000110005100018245009500069260006700164526003700231650000800268 a624.1517bPAK aPakistan Water and Power Development Authority aSubsoil investigation report for construction of igloos for ammunition storage at kashmore aLahore.:bPakistan Water and Power Development Authorityc1994 a0b0c0d624_151700000000000_PAK aMCE